000 00262nam a22001097a 4500
008 230626b xxu||||| |||| 00| 0 eng d
082 _a331.21
_bROK
245 _aReport of the Salaries Review Commission 1967
260 _c1967
300 _a137p
942 _2ddc
_cBK
999 _c2732
_d2732